Dřevostavby : systémy nosných konstrukcí, obvodové pláště /
Saved in:
| Main Author: | |
|---|---|
| Other Authors: | |
| Format: | Book |
| Language: | Czech German |
| Published: |
Praha :
Grada Publishing,
2007
|
| Edition: | 1. vyd., dotisk |
| Subjects: | |
| ISBN: | 9788024722757 |
| Online Access: |
|
| Tags: |
Add Tag
No Tags, Be the first to tag this record!
|
MARC
| LEADER | 00000nam a2200000 4500 | ||
|---|---|---|---|
| 003 | SK-BrCVT | ||
| 005 | 20220621163727.0 | ||
| 008 | 110426s2008 xr e ||||||cze d | ||
| 020 | |a 9788024722757 |c 32,61 | ||
| 035 | |a CVTIDW0003233 | ||
| 040 | |b slo |a CVTI SR |e AACR2 | ||
| 041 | 1 | |a cze |h ger | |
| 044 | |a xr | ||
| 080 | |a 694.1 |2 UDC-MRF | ||
| 080 | |a 624.011.1 |2 UDC-MRF | ||
| 100 | 1 | |a Kolb, Josef |4 aut | |
| 245 | 1 | 0 | |a Dřevostavby : |b systémy nosných konstrukcí, obvodové pláště / |c Josef Kolb ; překlad: Bohumil Koželouh |
| 250 | |a 1. vyd., dotisk | ||
| 260 | |a Praha : |b Grada Publishing, |c 2007 | ||
| 300 | |a 317 s. : |b fotogr., grafy, lit., obr., tab. ; | ||
| 653 | 1 | |a drevená stavba | |
| 653 | 1 | |a zrubová stavba | |
| 653 | 1 | |a nosná konštrukcia | |
| 653 | 1 | |a obvodový plášť | |
| 653 | 1 | |a plochá strecha | |
| 700 | 1 | |a Koželouh, Bohumil |4 trl | |
| 910 | |b A613355 | ||
| 919 | |a 978-80-247-2275-7 | ||
| 959 | |a 61 | ||
| 974 | |a katarina.repata |f Knihy | ||
| 992 | |a AMG | ||
| 999 | |c 158925 |d 158925 | ||

